|
|
|
|
| LEADER |
00000nam0a2200000 4500 |
| 001 |
3245 |
| 005 |
20231101204311.0 |
| 010 |
|
|
|a 5854341026
|
| 035 |
|
|
|a (RuTPU)RU\TPU\book\3261
|
| 035 |
|
|
|a BOOK00003269
|
| 090 |
|
|
|a 3245
|
| 100 |
|
|
|a 20011209d1997 m y0rusy50 ca
|
| 101 |
0 |
|
|a rus
|a eng
|
| 102 |
|
|
|a UA
|
| 105 |
|
|
|a y e 000zy
|
| 200 |
1 |
|
|a Англо-русский словарь
|d English-Russian dictionary
|e 40 000 слов/40 000 words
|f сост. В. К. Мюллер , С. К. Боянус
|
| 210 |
|
|
|a Киев
|c Каннон
|d 1997
|
| 215 |
|
|
|a 688 с.
|
| 510 |
1 |
|
|a English-Russian dictionary
|z eng
|
| 606 |
1 |
|
|a Английский язык
|x Словари
|2 stltpush
|3 (RuTPU)RU\TPU\subj\69128
|9 84097
|
| 610 |
1 |
|
|a англо-русские словари
|
| 610 |
1 |
|
|a словари
|
| 610 |
1 |
|
|a литературная речь
|
| 610 |
1 |
|
|a разговорная речь
|
| 610 |
1 |
|
|a научно-технические тексты
|
| 610 |
1 |
|
|a официально-деловая лексика
|
| 610 |
1 |
|
|a общественно-политическая лексика
|
| 610 |
1 |
|
|a примеры
|
| 610 |
1 |
|
|a устойчивые словосочетания
|
| 610 |
1 |
|
|a идиомы
|
| 610 |
1 |
|
|a пословицы
|
| 610 |
1 |
|
|a поговорки
|
| 686 |
|
|
|a Ш143.21-4
|v LBC/SL-A
|2 rubbk
|
| 702 |
|
1 |
|a Мюллер
|b В. К.
|4 220
|
| 702 |
|
1 |
|a Боянус
|b С. К.
|4 220
|
| 801 |
|
0 |
|a RU
|b 63413507
|c 20011209
|g PSBO
|
| 801 |
|
2 |
|a RU
|b 63413507
|c 20151113
|g PSBO
|
| 942 |
|
|
|c BK
|